000 00332nam a2200133Ia 4500
008 191201s2004 xx 000 0 und d
082 _a621.319
_bNAS
100 _aNASAR, Syed A
245 0 _a3000 Solved Problems in Electric Circuits
260 _aNew Delhi
_bTMH
_c2004
300 _a760
650 _aB.Tech(ECE)
942 _2ddc
_cBK
999 _c1502
_d1502